=LDR 00000nam 2200000 4500 =001 INLIS000000000005730 =005 20130612093935 =008 ***********************************Ind** =035 ##$$0010-061300000005730 =041 ##$$a Ind =082 ##$$a 158.1 =090 ##$$a 158.1, Rob p =100 ##$$a Robbins, Anthony =245 ##$$a Pesan dari sahabat, Anthony Robbins =260 ##$$a 1995 $b Jakarta =300 ##$$a v, 93 hlm., Ilus., 21 cm =650 ##$$a Sukses =700 ##$$a Hariyanto, Bambang